000 00577nam a22001697a 4500
005 20251108164249.0
008 250721s1995 xx 000 0 ara d
082 1 4 _a621.38853/فار
100 1 _aحسين، فاروق سيد
245 1 0 _aساتالايت :
_bالإرسال و الإستقبال التلفزيوني عبر الأقمار الصناعية /
264 1 _aبيروت :
_bدار الراتب الجامعية،
_c1995.
300 _a348ص
650 1 7 _aالأقمار الصناعية
650 1 7 _aالتلفزيون
942 _2ddc
_cBK
999 _c7815
_d7815